Avalon

Guardat en:
Dades bibliogràfiques
Autor principal: Seton, Anya
Format: Llibre
Idioma:Undetermined
Publicat: Boston, Estados Unidos Mifflin 1965
Matèries:
Etiquetes: Afegir etiqueta
Sense etiquetes, Sigues el primer a etiquetar aquest registre!

MARC

LEADER 00000nam a2200000Ia 4500
008 170316s9999 xx 000 0 und d
040 |a cru BVZT 
090 |a 810 S-18a 
100 |a Seton, Anya 
245 |a Avalon 
260 |a Boston, Estados Unidos 
260 |b Mifflin 
260 |c 1965 
300 |a 440 páginas 
650 |a LITERATURA ESTADOUNIDENSE 
999 |c 6103  |d 6103 
942 |c 15 D  |h 810 S-18a  |2 z